Library of the University of Algiers 3
Ibrahim Sultan Cheibout
شعار جامعة الجزائر 3
مكتبة جامعة الجزائر 3
إبراهيم سلطان شيبوط

التجارة الالكترونية و تأمينها / (رقم التسجيلة. 46337)

تفاصيل مارك
000 -LEADER
fixed length control field 01126nam a2200229Ia 4500
003 - CONTROL NUMBER IDENTIFIER
control field Ost
005 - DATE AND TIME OF LATEST TRANSACTION
control field 20260507075803.0
008 - FIXED-LENGTH DATA ELEMENTS--GENERAL INFORMATION
fixed length control field 260507s9999||||xx |||||||||||||| ||und||
020 ## - INTERNATIONAL STANDARD BOOK NUMBER
International Standard Book Number 9775784786
040 ## - CATALOGING SOURCE
Transcribing agency fsecg
041 ## - LANGUAGE CODE
Language code of text/sound track or separate title ara
082 ## - DEWEY DECIMAL CLASSIFICATION NUMBER
Classification number 381.142
100 ## - MAIN ENTRY--PERSONAL NAME
Personal name حسين، فاروق سيد
Relator term مؤلف
245 #0 - TITLE STATEMENT
Title التجارة الالكترونية و تأمينها /
Statement of responsibility, etc. فاروق سيد حسين
260 ## - PUBLICATION, DISTRIBUTION, ETC.
Place of publication, distribution, etc. مصر:
Name of publisher, distributor, etc. هلا للنشر ,
Date of publication, distribution, etc. 2001
300 ## - PHYSICAL DESCRIPTION
Extent 156 صفحة؛
Other physical details إيضاحات ؛
Dimensions 24 سم
520 ## - SUMMARY, ETC.
Summary, etc. يتناول الكتاب الامن ، نظام الدفع الالكتروني ،خدمات أمن الدفع ،اطار الدفع الالكتروني ، امن طبقة التطبيق ، بروتوكولات نقل غير تتابعي ، امن خادم الشبكة ، مفاهيم التجارة الالكترونية مؤسسة على الشبكة ، امن المحمول، امن البطاقة الذكية .
653 ## - INDEX TERM--UNCONTROLLED
Uncontrolled term البطاقة الذكية
653 ## - INDEX TERM--UNCONTROLLED
Uncontrolled term التجارة الإلكترونية
653 ## - INDEX TERM--UNCONTROLLED
Uncontrolled term الدفع الالكتروني
942 ## - ADDED ENTRY ELEMENTS (KOHA)
Koha item type كتب
المقتنيات
Withdrawn status Lost status Source of classification or shelving scheme Damaged status Not for loan Home library Current library Date acquired Serial enumeration / chronology Inventory number Total checkouts Full call number Barcode Date last seen Price effective from Koha item type
    Library of Congress Classification   NOT LOAN / إعارة داخلية مكتبة كلية العلوم الإقتصادية والعلوم التجارية وعلوم التسيير مكتبة كلية العلوم الإقتصادية والعلوم التجارية وعلوم التسيير 07/05/2026 الطابق الأرضي 025.21/606   539/025.21ن01 025.21/606 07/05/2026 07/05/2026 كتب

موارد الويب المفتوحة


© University of Algiers 3 All Rights Reserved
|
Implemented by LECHELAH Riad